00223nam a2200097 a 4500008004100000050001500041100001700056245003400073260000900107350000900116120416s1984 xx |||||||||||||| || u aTS 161 Bai aBaily, Peter10aMaterials management handbook c1984 a0.00